Práctica de la enseñanza en telesecundarias. Un estudio en el Estado de Zacatecas (Record no. 59405)

MARC details
000 -LEADER
fixed length control field 01107nam a22002537a 4500
005 - DATE AND TIME OF LATEST TRANSACTION
control field 20160826113109.0
008 - FIXED-LENGTH DATA ELEMENTS--GENERAL INFORMATION
fixed length control field 160826b mx ||||| |||| 00| 0 spa d
020 ## - INTERNATIONAL STANDARD BOOK NUMBER
International Standard Book Number 9786079165208
050 04 - LIBRARY OF CONGRESS CALL NUMBER
Classification number LC5808.M62.Z33
Item number P73 2011
245 00 - TITLE STATEMENT
Title Práctica de la enseñanza en telesecundarias. Un estudio en el Estado de Zacatecas
Statement of responsibility, etc / Marco Antonio Salas Luévano, Elena Anatolieva Zhizhko (coordinadores)
250 ## - EDITION STATEMENT
Edition statement 1a ed.
260 ## - PUBLICATION, DISTRIBUTION, ETC. (IMPRINT)
Place of publication, distribution, etc México :
Name of publisher, distributor, etc Universidad Autónoma de Zacatecas;
260 ## - PUBLICATION, DISTRIBUTION, ETC. (IMPRINT)
Name of publisher, distributor, etc Unidad Académica de Docencia Superior;
260 ## - PUBLICATION, DISTRIBUTION, ETC. (IMPRINT)
Name of publisher, distributor, etc Programa de Maestría en Ciencias de la Educación,
Date of publication, distribution, etc 2011
300 ## - PHYSICAL DESCRIPTION
Extent 127 p. ;
Dimensions 21 cm.
490 0# - SERIES STATEMENT
Series statement Tópicos Educativos: Políticas, Cultura y Diversidad Educativa
504 ## - BIBLIOGRAPHY, ETC. NOTE
Bibliography, etc Incluye bibliografía
650 #7 - SUBJECT ADDED ENTRY--TOPICAL TERM
Source of heading or term lemb
Topical term or geographic name as entry element Educación a distancia
Geographic subdivision México
-- Zacatecas (Estado)
650 #7 - SUBJECT ADDED ENTRY--TOPICAL TERM
Source of heading or term lemb
Topical term or geographic name as entry element Educación secundaria
Geographic subdivision México
-- Zacatecas (Estado)
650 #7 - SUBJECT ADDED ENTRY--TOPICAL TERM
Source of heading or term lemb
Topical term or geographic name as entry element Televisión en la educación
Geographic subdivision México
-- Zacatecas (Estado)
700 1# - ADDED ENTRY--PERSONAL NAME
Personal name Salas Luévano, Marco Antonio
Relator term coord.
700 1# - ADDED ENTRY--PERSONAL NAME
Personal name Zhizhko, Elena Anatolieva
Relator term coord.
942 ## - ADDED ENTRY ELEMENTS (KOHA)
Source of classification or shelving scheme Biblioteca del Cogreso de los Estados Unidos
Koha item type Libro
Holdings
Estado de pérdida Fuente de clasificación Estado del daño No para préstamo Ubicación permanente Ubicación actual Apartado o colección Fecha de adquisición Edición Área del conocimiento Clasificación Código de Barras Date last seen Número de copia Tipo de recurso
  Biblioteca del Cogreso de los Estados Unidos     Biblioteca del Instituto de Investigaciones Económicas y Empresariales Biblioteca del Instituto de Investigaciones Económicas y Empresariales General 26/08/2016 1a Educación y Humanidades LC5808.M62.Z33 P73 2011 IIE000005797 26/08/2016 1 Libro